Fundamentals of microbiology (Record no. 395809)

MARC details
000 -LEADER
fixed length control field 00532 a2200217 4500
005 - DATE & TIME
control field 20260318092852.0
008 - FIXED-LENGTH DATA ELEMENTS--GENERAL INFORMATION
fixed length control field 260317b |||||||| |||| 00| 0 eng d
020 ## - ISBN
International Standard Book Number 9789363636545
Price Rs. 1295.00
040 ## - CATALOGING SOURCE
Original cataloging agency VIVEKANANDA LIBRARY
082 ## - DDC NUMBER
Classification number 576
Book Number S61F(2)
100 ## - MAIN ENTRY--PERSONAL NAME
Personal name Sumbali, Geeta
245 ## - TITLE STATEMENT
Title Fundamentals of microbiology
250 ## - EDITION STATEMENT
Edition statement 2nd
260 ## - PUBLICATION, DISTRIBUTION, ETC. (IMPRINT)
Name of publisher, distributor, etc Medtech
Date of publication, distribution, etc 2026
Place of publication, distribution, etc New Delhi
300 ## - PHYSICAL DESCRIPTION
Pages xvi, 947
650 ## - Subject
Subject Microbiology
650 ## - Subject
Subject Microscopy
650 ## - Subject
Subject Plant Viruses
700 ## - Added Entry Personal Name
Added Entry Personal Name Mehrotra, R S
942 ## - ADDED ENTRY ELEMENTS (KOHA)
Koha item type Books
Holdings
Withdrawn status Lost status Source of classification or shelving scheme Damaged status Not for loan Location (home branch) Sublocation or collection (holding branch) Shelving location Date acquired Koha issues (times borrowed) Koha full call number Accession No. Koha date last seen Koha item type
    Dewey Decimal Classification     VIVEKANANDA LIBRARY VIVEKANANDA LIBRARY Vivekananda Library 17/02/2026   576 S61F (2) 438313 17/02/2026 Books
© Designed and Maintained by Vivekananda Library, MDU Rohtak